000 00374nam a22001457a 4500
003 MACL
005 20190626162822.0
008 190626b xxu||||| |||| 00| 0 eng d
040 _cMACL
100 _aGhosh,Parths's
_975586
245 _aBJP and the Evolution of Hindu Nationalism
260 _aNew Delhi
_bManohar Pub.
_c2017
650 _aPolitics
_975587
942 _2ddc
_cBK
999 _c60292
_d60292